000 00415nam a22001697a 4500
003 BD-ChCU
005 20260426103412.0
008 260426b bg ||||| |||| 00| 0 ben d
040 _cBD-ChCU
082 _aREF 621.903
100 _aVIKAS
_921892
245 _aTechnical dictiuonary/
_cVIKAS
260 _aNew Delhi:
_bVIKAS
_c1982
300 _a137p.
650 0 _aTools-Dictionary
_921893
942 _2ddc
_cBK
_n0
999 _c112407
_d112407